书目信息 |
| 题名: |
高速公路安全行车必读
|
|
| 作者: | 槐业义 编著 | |
| 分册: | ||
| 出版信息: | 深圳 海天出版社 2002 |
|
| 页数: | 160页 | |
| 开本: | 19cm | |
| 丛书名: | ||
| 单 册: | ||
| 中图分类: | U492.8 | |
| 科图分类: | ||
| 主题词: | 高速公路--行车安全--基本知识 , 高速公路 , 行车安全 | |
| 电子资源: | ||
| ISBN: | 7-80654-606-5 | |
| 000 | 01030nam0 2200289 45 | |
| 001 | 012006030320 | |
| 005 | 20061214095217.51 | |
| 010 | @a7-80654-606-5@dCNY16.00 | |
| 092 | @aCN@b486598 | |
| 100 | @a20060303d2002 em y0chiy0110 ea | |
| 101 | 0 | @achi |
| 102 | @aCN@b440000 | |
| 105 | @aa z 000yy | |
| 200 | 1 | @a高速公路安全行车必读@9gao su gong lu an quan xing che bi du@f槐业义编著 |
| 210 | @a深圳@c海天出版社@d2002 | |
| 215 | @a160页@c彩图@d19cm | |
| 314 | @a槐业义(1948~),生于山东淄博市,1984年招聘到深圳市公安交通管理局,高级工程师。著有《中华人民共和国道路交通管理条例》等。 | |
| 320 | @a有书目 | |
| 330 | @a本书分为高速公路常识篇、驾驶篇、高速公路安全知识篇、保险篇、附录五大部分。介绍了高速公路的常识和安全驾驶的知识与经验以及保险常识和相关的交通法规。 | |
| 510 | 1 | @aExpress Way@zeng |
| 606 | 0 | @a高速公路@x行车安全@x基本知识 |
| 606 | 0 | @a高速公路 |
| 606 | 0 | @a行车安全 |
| 690 | @aU492.8@v4 | |
| 701 | 0 | @a槐业义@9huai ye yi@4编著 |
| 801 | 0 | @aCN@bLZJBOOK@c20061214 |
| 905 | @a10447@dU492.8@e147 | |
| 高速公路安全行车必读/槐业义编著.-深圳:海天出版社,2002 |
| 160页:彩图;19cm |
| ISBN 7-80654-606-5:CNY16.00 |
| 本书分为高速公路常识篇、驾驶篇、高速公路安全知识篇、保险篇、附录五大部分。介绍了高速公路的常识和安全驾驶的知识与经验以及保险常识和相关的交通法规。 |
| ● |
| 相关链接 |
|
|
|
|
正题名:高速公路安全行车必读
索取号:U492.8/147
 
预约/预借
| 序号 | 登录号 | 条形码 | 馆藏地/架位号 | 状态 | 备注 |
| 1 | 0550730 | 205507307 | 第二样本阅览室/ [索取号:U492.8/147] | 在馆 | |
| 2 | 0550731 | 205507316 | 第三借阅区/ [索取号:U492.8/147] | 在馆 | |
| 3 | 0550732 | 205507325 | 第三借阅区/ [索取号:U492.8/147] | 在馆 | |
| 4 | 0550733 | 205507334 | 第三借阅区/ [索取号:U492.8/147] | 在馆 | |
| 5 | 0550734 | 205507343 | 第三借阅区/ [索取号:U492.8/147] | 在馆 | |
| 6 | 0550735 | 205507352 | 第三借阅区/ [索取号:U492.8/147] | 在馆 | |
| 7 | 0550736 | 205507361 | 第三借阅区/ [索取号:U492.8/147] | 在馆 | |
| 8 | 0550737 | 205507370 | 第三借阅区/ [索取号:U492.8/147] | 在馆 |